000 00206nam a22000857a 4500
008 170601b xxu||||| |||| 00| 0 eng d
100 _93203
_aAgarwal. D
245 _aThe Toy House
260 _aNew Delhi
_bCBT
_c2003
999 _c6515
_d6515